Cómo aprender para lograr el dominio de lo aprendido: mastery learning
I tiakina i:
| Kaituhi matua: | |
|---|---|
| Hōputu: | Pukapuka |
| Reo: | Pāniora |
| I whakaputaina: |
Buenos Aires
El Ateneo
1975
|
| Rangatū: | Biblioteca Nuevas Orientaciones de la Educación
|
| Ngā marau: | |
| Ngā Tūtohu: |
Tāpirihia he Tūtohu
Kāore He Tūtohu, Me noho koe te mea tuatahi ki te tūtohu i tēnei pūkete!
|
MARC
| LEADER | 00000nam a2200000 a 4500 | ||
|---|---|---|---|
| 001 | UCT0359 | ||
| 003 | CL-VaPUC | ||
| 008 | 960830e19750000AG |||||||||||||||||spa|d | ||
| 082 | 0 | 4 | |a 370.152 |b BLO |2 21 |
| 100 | 0 | |a Block, James H |e author |9 369001 | |
| 245 | 1 | 0 | |a Cómo aprender para lograr el dominio de lo aprendido: mastery learning |
| 300 | |a 142 p | ||
| 942 | |c BK | ||
| 945 | |d 19960830 00:00:00 |a rleighto | ||
| 260 | |a Buenos Aires |b El Ateneo |c 1975 | ||
| 650 | 0 | |a Aprendizaje |9 254827 | |
| 650 | 0 | |a Rendimiento escolar |9 330254 | |
| 650 | 0 | |a Métodos de enseñanza |9 270413 | |
| 650 | 0 | |a Psicología del aprendizaje |9 306854 | |
| 583 | |a last modification |c 19960830 00:00:00 |k Rodrigo Vera | ||
| 490 | 0 | |a Biblioteca Nuevas Orientaciones de la Educación | |
| 999 | |c 251374 |d 251372 | ||
| 952 | |0 0 |1 0 |4 0 |6 370_152000000000000_BLO_1975 |7 0 |8 P |9 270485 |a BIBEDU |b BIBEDU |c BIBEDU_PB |d 2019-11-19 |i 3227219 |o 370.152 BLO 1975 |p 3227219 |r 2024-01-25 |w 2019-11-19 |y BK |k EDU | ||